| 000 | 01234nam0a2200337 4500 | ||
|---|---|---|---|
| 001 | RU\NLR\bibl\1331660 | ||
| 005 | 20250615164034.0 | ||
| 010 |
_a978-5-17-050581-4 _bАСТ |
||
| 010 |
_a978-5-271-19753-6 _bАстрель _97000 |
||
| 021 |
_aRU _b2008-3505и _9190и |
||
| 035 | _a(nilc)EL/0000232095 | ||
| 035 | _a(NLR Aleph) 001316887 | ||
| 090 |
_a714850 _c714850 |
||
| 100 | _a20081209d2008 |||y0rusy50 ca | ||
| 101 | 1 |
_arus _ceng |
|
| 102 | _aRU | ||
| 105 | _aa ||||||||| | ||
| 200 | 1 |
_aДекоративные орнаменты и мотивы _eсправочник _fГрэхем Лесли Маккэлэм _g[пер. с англ. А.М. Ведюшкин] |
|
| 210 |
_aМосква _cАСТ _cАстрель _d2008 |
||
| 215 |
_a383 с. _cил. _d23 х 23 |
||
| 320 | _aУказ.: с. 383 | ||
| 606 | 1 |
_aОрнамент _jСправочники _91021732 _3RU\NLR\auth\6672855 |
|
| 686 |
_a85.15я2 _vLBC/PL _2rubbk |
||
| 686 | _aЩ124.3(0)я2 | ||
| 700 | 1 |
_aМаккэлэм _bГ. Л. _gГрэхем Лесли _4070 |
|
| 801 | 0 |
_aRU _bЦУНБ Москва _c20081209 _grcr |
|
| 801 | 1 |
_aRU _bЦУНБ Москва _c20081209 _2rusmarc |
|
| 801 | 2 |
_aRU _bNLR _c20090220 _grcr |
|
| 942 | _cBOOK | ||
| 980 | _aNB | ||